000 00333nam a2200133Ia 4500
008 220216s9999 xx 000 0 und d
100 _aCopping Barry
245 0 _aChinese rubber demand expected to stabilise
260 _bEuropean Rubber Journal
_c2013
300 _a8
650 _aChina
650 _aRubber demand
942 _cJS
999 _c55557
_d55557